Stadtbezirksteile von München - Statistiken

Allgemein
  • Dieses Quiz wurde 368 mal gespielt
  • Das Durchschnittsergebnis liegt bei 30 aus 108
Antworten auf der Karte
Die Antworten werden auf der Karte rot bzw. grün angezeigt, abhängig davon wie oft sie richtig erraten wurden.
 
Antwortstatistiken
Nr. Bezirksteil % Korrekt
12.6 Schwabing-Ost
75%
21.3 Pasing
74%
15.1 Trudering-Riem
72%
1.5 Lehel
67%
15.2 Messestadt Riem
65%
18.3 Giesing
60%
16.4 Neuperlach
60%
17.1 Obergiesing
59%
13.7 Altbogenhausen
58%
18.1 Untergiesing
58%
23.2 Untermenzing-Allach
58%
19.2 Obersendling
56%
14.3 Berg am Laim Ost
55%
10.1 Alt Moosach
53%
21.4 Obermenzing
53%
12.1 Freimann
52%
24.1 Feldmoching
51%
9.2 Nymphenburg
51%
6.1 Untersendling
51%
22.1 Altaubing
50%
24.2 Hasenbergl-Lerchenau Ost
50%
19.5 Solln
48%
5.4 Haidhausen
47%
11.3 Milbertshofen
47%
19.4 Fürstenried-West
46%
20.2 Neuhadern
45%
20.3 Großhadern
44%
11.1 Am Hart
43%
19.1 Thalkirchen
43%
7.1 Mittersendling
42%
16.3 Altperlach
40%
4.1 Neuschwabing
40%
8.2 Schwanthalerhöhe
40%
18.5 Harlaching
38%
9.1 Neuhausen
38%
21.1 Neupasing
38%
5.5 Obere Au
38%
5.6 Untere Au
38%
12.2 Obere Isarau
36%
19.3 Forstenried
35%
22.3 Lochhausen
35%
17.2 Südgiesing
35%
16.5 Waldperlach
35%
15.4 Waldtrudering
35%
2.7 Ludwigsvorstadt-Kliniken
34%
6.2 Sendlinger Feld
34%
13.1 Oberföhring
32%
15.3 Gartenstadt Trudering
31%
10.2 Moosach-Bahnhof
31%
16.1 Ramersdorf
30%
22.4 Freiham
29%
12.8 Neufreimann
29%
22.2 Aubing-Süd
27%
2.3 Glockenbach
27%
13.5 Daglfing
26%
5.3 Haidhausen-Nord
25%
1.6 Englischer Garten Süd
24%
13.2 Johanneskirchen
24%
18.4 Neuharlaching
23%
8.1 Westend
21%
3.7 Universität
20%
13.4 Englschalking
18%
20.1 Blumenau
17%
12.3 Alte Heide-Hirschau
15%
13.3 Herzogpark
13%
13.6 Parkstadt
13%
5.2 Steinhausen
13%
2.2 Deutsches Museum
12%
2.1 Gärtnerplatz
12%
2.6 Am Schlachthof
11%
1.3 Hackenviertel
11%
3.3 St. Benno
11%
2.4 Dreimühlen
10%
3.5 Josephsplatz
10%
24.4 Lerchenau West
10%
24.3 Ludwigsfeld
10%
5.1 Maximilianeum
10%
9.3 Oberwiesenfeld
10%
1.2 Angerviertel
9%
25.1 Friedenheim
9%
14.2 Josephsburg
9%
3.1 Königsplatz
9%
1.4 Kreuzviertel
9%
7.3 Am Waldfriedhof
8%
12.5 Biederstein
8%
1.1 Graggenau
8%
23.1 Industriebezirk
8%
12.7 Kleinhesselohe
8%
12.4 Münchener Freiheit
8%
2.8 St. Paul
8%
11.2 Am Riesenfeld
7%
14.1 Echarding
7%
7.2 Land in Sonne
7%
18.2 Siebenbrunn
7%
2.5 Am alten südlichen Friedhof
6%
4.2 Am Luitpoldpark
6%
21.2 Am Westbad
6%
3.2 Augustenstraße
6%
4.3 Schwere-Reiter-Straße
6%
9.4 St. Vinzenz
6%
16.2 Balanstraße-West
5%
9.6 Dom Pedro
5%
3.4 Marsfeld
5%
3.9 Maßmannbergl
5%
25.2 St. Ulrich
5%
9.5 Alte Kaserne
4%
3.6 Am alten nördlichen Friedhof
4%
3.8 Schönfeldvorstadt
4%
Keine übereinstimmenden Quizze gefunden
Verteilung der Resultate
Anzahl Personen mit jedem Resultat
Perzentil nach korrekt beantworteten Fragen
Ihre Resultats-Entwicklung
Sie haben dieses Quiz noch nicht gespielt